Демократические страны - Армагеддон - Statistics

General Stats
  • This quiz has been taken 54 times
  • The average score is 10 of 15
Answers on the Grid
Answers color-coded by a green-red scale on the quiz's grid according to % correct below.
Польша
Финляндия
Северная Корея
Австралия
Турция
Словения
Афганистан
Южная Корея
Узбекистан
США
Япония
Азербайджан
Чехия
Эритрея
Иран
Германия
Бельгия
ОАЭ
Казахстан
Молдова
Индия
Дания
Туркменистан
Мьянма
Сирия
Бангладеш
Норвегия
Испания
Канада
Венесуэла
 
Answer Stats
Answer % Correct
Финляндия
92%
Польша
89%
Австралия
76%
Словения
73%
США
70%
Чехия
68%
Германия
68%
Южная Корея
59%
Япония
59%
Дания
54%
Испания
54%
Канада
54%
Бельгия
51%
Норвегия
49%
Молдова
46%
No matching quizzes found
Score Distribution
Percent of People with Each Score
Percentile by Number Answered
Your Score History
You have not taken this quiz